000 00902nam a2200241 a 4500
001 63389
003 BD-RjUL
005 20211209081207.0
008 170130s1957 bg ||||| |||| 00| 0 ben d
020 _c:TK 3.75
035 _a(BD-RjUL)63518
040 _aBD-RjUL
_bben
_cBD-RjUL
041 _aben
082 _223
_a813
_bHAR 1957
100 _aহ'থর্ণের, ন্যাথানিয়েল
_9188621
245 1 0 _aরক্ত আঁখর /
_c ন্যাথানিয়েল হ'থর্ণের,
260 _aঢাকা :
_bসাহিত্য প্রকাশনী,
_c১৯৫৭
300 _a২১০ পৃ. ;
_c১৭ সেমি.
650 _aআমেরিকার উপন্যাস
_9170427
650 _aAmerican Fiction
_9185644
700 _aরহমান, সিরাজুর, অনুবাদ
_9183131
942 _2ddc
_cBK
999 _c63389
_d63389